00667nam a22001697a 4500003000400000005001700004008004100021040001800062100003300080245015700113260002000270650006400290650005400354650003700408700002500445856002700470OSt20240531111618.0240531b ||||| |||| 00| 0 eng d cAIMIT LIBRARY aEkka, Rajesh Rosan.e2016108 aStudy on comparative financial performance analysis of dalmia cement (Bharat) limited refractory Odisha /cBy Rajesh Rosan Ekka ; Guided by Swapna Rose. aOdisha ;c2022. aIndustry profile company profiile and introduction to study aProblem formulation and literature review/mapping aData analysis and interpretation aRose, Swapna.eGuide 3Dalmia Cement limited